Every Canadian Prime Minister Quiz - Statistics

General Stats
  • This quiz has been taken 9 times
  • The average score is 18 of 27
Answer Stats
Number Prime Minister % Correct
1 (1 of 2) Sir John A. MacDonald
100%
1 (2 of 3) Sir John A. MacDonald
100%
18 Brian Mulroney
89%
19 Kim Campbell
89%
14 Lester B. Pearson
89%
20 Jean Chrétien
78%
16 Joe Clark
78%
13 John Diefenbaker
78%
21 Paul Martin
78%
7 Sir Wilfrid Laurier
78%
22 Stephen Harper
78%
2 Alexander Mackenzie
67%
15 (1 of 2) Pierre Trudeau
67%
15 (2 of 2) Pierre Trudeau
67%
10 (1 of 3) William Lyon Mackenzie King
67%
10 (2 of 3) William Lyon Mackenzie King
67%
10 (3 of 3) William Lyon Mackenzie King
67%
17 John Turner
56%
3 Sir John Abbott
56%
8 Sir Robert Borden
56%
9 (1 of 2) Arthur Meighen
44%
9 (2 of 2) Arthur Meighen
44%
12 Louis Stephen St. Laurent
44%
6 Sir Charles Tupper
44%
11 R. B. Bennett
33%
4 Sir John Thompson
33%
5 Sir Mackenzie Bowell
33%
No matching quizzes found
Score Distribution
Percent of People with Each Score
Percentile by Number Answered
Your Score History
You have not taken this quiz